000 00762nam a2200229 4500
005 20260402113232.0
008 251128b |||||||| |||| 00| 0 eng d
020 _a978-93-94525-77-1
041 _aeng
082 _22nd
_aAD 610.6 KAU B11868
100 _aKaur Taranpreet
_9217538
245 _aIntegrated Supervised Internship for GNM 3rd year part II nursing Students
250 _a2nd
260 _aNew Delhi
_bCBS Publishers & Distributors Pvt. Ltd.
_c2025
300 _axxxii, 344p
_bpb
_c24x17cm
365 _aRupaye
_b495
500 _aAdministration
521 _aIntegrated Supervised Internship for GNM 3rd year part II nursing Students 2nd edition
650 _aAdministration
_9217539
651 _aAdministration
_9217540
942 _cBK
999 _c369190
_d369190